| 000 | 00942nam a2200241 a 4500 | ||
|---|---|---|---|
| 001 | 1646 | ||
| 003 | CDMR | ||
| 005 | 20131211104554.0 | ||
| 008 | 130130s1983||||||||||||||||||||||||||||d | ||
| 020 | _a8431308133 | ||
| 040 |
_aCDMR _bcat _cCDMR |
||
| 100 | 1 |
_aBalle, Francis _91244 |
|
| 245 | 1 | 0 |
_aInformación y sociedad _b: antiguos y nuevos desafios _cFrancis Balle ; edición a cargo de Miguel Urabayen |
| 260 |
_aNavarra _bEdiciones Universidad de Pamplona |
||
| 260 |
_c1983 _bFundación academia Nacional de Ciencias y Artes del Cine y la Televisión |
||
| 300 | _a164 p. | ||
| 490 |
_aCiencias de la Información (EUNSA) _v43 |
||
| 650 | 0 | 4 |
_93156 _aSocietat de la informació |
| 650 | 0 | 4 |
_94403 _aMitjans de comunicació de massa _zPaïsos comunistes |
| 650 | 0 | 4 |
_94405 _aMitjans de comunicació de massa _zPaïsos en vies de desenvolupament |
| 650 | 0 | 4 |
_93364 _aTecnologia de la informació _xInnovacions tecnològiques |
| 942 |
_cMON _2udc |
||
| 999 |
_c1646 _d1646 |
||